• 首页
  • 本馆介绍
  • 公告通知
  • 最新文献
  • 馆藏检索
  • 电子资源
  • 读者导购
  • 参考咨询
  • 我的图书馆
  • 登录
  • 详细信息显示
  • 放入我的书架
  • 预约/预借图书
  • 作者相关作品
  • 分类相关作品
  • 丛书相关作品
  • 出版社相关作品

书目信息

  • 表格格式
  • 工作单格式
  • 卡片格式
题名:
学校安全事故处理与预防66个经典案例
    
 
作者: 张淮平 , 陈大兴 主编
分册:  
出版信息: 长春   东北师范大学出版社  2011.4
页数: 196页
开本: 26cm
丛书名:
单 册:
中图分类: G474
科图分类:
主题词: 学校--安全管理--事故处理--案例--汇编 , 学校--安全管理--事故预防--案例--汇编
电子资源:
ISBN: 978-7-5602-6857-6
000 00949nam0 2200241 450
001 468
005 20180520220959.12
010    @a978-7-5602-6857-6@dCNY26.00
100    @a20120113d2011 em y0chiy0110 ea
101 0  @achi
102    @aCN@b220000
105    @ay z 000yy
200 1  @a学校安全事故处理与预防66个经典案例@9xue xiao an quan shi gu chu li yu yu fang 6 6 ge jing dian an li@f张淮平,陈大兴主编
210    @a长春@c东北师范大学出版社@d2011.4
215    @a196页@d26cm
330    @a本教材是对教师进行校园安全教育,由事故分析、典型案例和法律法规三部分构成。书中以常见的、典型的、重大的校园安全事故为重点,对其原因和危害进行了深入的分析,特别注意了法律对教师的要求。
606 0  @a学校@x安全管理@x事故处理@x案例@x汇编
606 0  @a学校@x安全管理@x事故预防@x案例@x汇编
690    @aG474@v4
701  0 @a张淮平@9zhang huai ping@4主编
701  0 @a陈大兴@9chen da xing@4主编
801  0 @aCN@b91采访@c20120113
905    @aMuseLib@dG474@e123
    
    学校安全事故处理与预防66个经典案例/张淮平,陈大兴主编.-长春:东北师范大学出版社,2011.4
    196页;26cm
    
    
    ISBN 978-7-5602-6857-6:CNY26.00
    本教材是对教师进行校园安全教育,由事故分析、典型案例和法律法规三部分构成。书中以常见的、典型的、重大的校园安全事故为重点,对其原因和危害进行了深入的分析,特别注意了法律对教师的要求。
●
相关链接 在E读中查询图书 在五车中查询图书 在当当中查询图书 在豆瓣中查询图书


正题名:学校安全事故处理与预防66个经典案例     索取号:G474/123         预约/预借

序号 登录号 条形码 馆藏地/架位号 状态 备注
1 1102746   211027468   第一样本阅览室/ [索取号:G474/123] 在馆    
2 1102747   211027477   教育系资料室/ [索取号:G474/123] 在馆    
3 1102748   211027486   教育系资料室/ [索取号:G474/123] 在馆    
4 1102749   211027495   教育系资料室/ [索取号:G474/123] 在馆    
5 1102750   211027501   第四借阅区/ [索取号:G474/123] 在馆    
6 1102751   211027510   第四借阅区/ [索取号:G474/123] 在馆    
唐山师范学院图书馆 欢迎您!
大连网信软件有限公司© 版权所有